South American Countries in their own language- Map Quiz - Statistics

General Stats
  • This quiz has been taken 146 times
  • The average score is 11 of 12
Answers on the Map
Answers color-coded by a green-red scale on the quiz's map according to % correct below.
 
Answer Stats
Answer % Correct
Chile
98%
Argentina
97%
Brasil
97%
Colombia
97%
Uruguay
97%
Bolivia
95%
Ecuador
95%
Paraguay
95%
Perú
95%
Surinaams
94%
Guyana
92%
Venezuela
91%
No matching quizzes found
Score Distribution
Percent of People with Each Score
Percentile by Number Answered
Your Score History
You have not taken this quiz